[Event "Minsk Bronstein Memorial op"]
[Site "Minsk"]
[Date "2015.02.14"]
[Round "1"]
[White "Zhigalko, Sergei"]
[Black "Bury, Yahor"]
[Result "1-0"]
[WhiteElo "2691"]
[BlackElo "1621"]
[PlyCount "69"]
[EventDate "2015.02.14"]
[EventType "swiss (rapid)"]
[EventRounds "10"]
[EventCountry "BLR"]
[SourceTitle "EXT 2017"]
[Source "ChessBase"]
[SourceDate "2016.10.25"]
[SourceVersion "1"]
[SourceVersionDate "2016.10.25"]
[SourceQuality "1"]

1. c4 Nf6 2. Nc3 c5 3. g3 Nc6 4. Bg2 e6 5. Nf3 g6 6. d4 cxd4 7. Nxd4 Bg7 8. Ndb5 O-O 9. Bf4 e5 10. Bg5 h6 11. Bxf6 Bxf6 12. e3 a6 13. Nd6 Be7 14. O-O Kh7 15. a3 f5 16. Qd5 Bxd6 17. Qxd6 Rf6 18. Qd2 e4 19. f3 exf3 20. Bxf3 d6 21. Nd5 Rf7 22. Nf4 Ne5 23. Bd5 Re7 24. Rad1 Ng4 25. Rfe1 Qe8 26. Bf3 Nxe3 27. Rxe3 Rxe3 28. Nd5 Re6 29. Nc7 Qd8 30. Nxa8 g5 31. Qd4 g4 32. Bg2 Qe7 33. Nb6 Re1+ 34. Rxe1 Qxe1+ 35. Bf1 1-0

[Event "Minsk Bronstein Memorial op"]
[Site "Minsk"]
[Date "2015.02.14"]
[Round "3"]
[White "Zhigalko, Sergei"]
[Black "Kolesnik, Eduard"]
[Result "1-0"]
[WhiteElo "2691"]
[BlackElo "2221"]
[PlyCount "73"]
[EventDate "2015.02.14"]
[EventType "swiss (rapid)"]
[EventRounds "10"]
[EventCountry "BLR"]
[SourceTitle "EXT 2017"]
[Source "ChessBase"]
[SourceDate "2016.10.25"]
[SourceVersion "1"]
[SourceVersionDate "2016.10.25"]
[SourceQuality "1"]

1. e4 e5 2. Nf3 Nc6 3. Bc4 Bc5 4. O-O Nf6 5. d3 d6 6. c3 Bb6 7. Re1 O-O 8. h3 Ne7 9. Nbd2 Ng6 10. Nf1 h6 11. Ng3 Re8 12. Bb3 Be6 13. d4 Qd7 14. Bxe6 Rxe6 15. d5 Ree8 16. a4 a6 17. Qb3 Nf4 18. a5 Ba7 19. Be3 Nd3 20. Re2 Nf4 21. Rd2 c6 22. Bxa7 Rxa7 23. c4 cxd5 24. cxd5 Rc8 25. Rc2 Raa8 26. Rac1 g6 27. Qb6 Ne8 28. Qb3 Rc7 29. Rxc7 Nxc7 30. Qxb7 Rc8 31. Rc6 Nd3 32. b4 Kg7 33. Nd2 Nxb4 34. Qxb4 Nxd5 35. exd5 Rxc6 36. dxc6 Qxc6 37. Nc4 1-0

[Event "Minsk Bronstein Memorial op"]
[Site "Minsk"]
[Date "2015.02.14"]
[Round "4"]
[White "Smirnov, Valerij"]
[Black "Zhigalko, Sergei"]
[Result "0-1"]
[WhiteElo "2354"]
[BlackElo "2691"]
[PlyCount "48"]
[EventDate "2015.02.14"]
[EventType "swiss (rapid)"]
[EventRounds "10"]
[EventCountry "BLR"]
[SourceTitle "EXT 2017"]
[Source "ChessBase"]
[SourceDate "2016.10.25"]
[SourceVersion "1"]
[SourceVersionDate "2016.10.25"]
[SourceQuality "1"]

1. d4 Nf6 2. c4 e6 3. Nf3 b6 4. Nc3 Bb4 5. Bg5 h6 6. Bh4 g5 7. Bg3 Ne4 8. Qc2 Bb7 9. Nd2 Bxc3 10. bxc3 Nxg3 11. fxg3 g4 12. e4 Qg5 13. O-O-O c5 14. Bd3 Nc6 15. Kb1 cxd4 16. e5 dxc3 17. Ne4 Qxe5 18. Rhe1 Nb4 19. Qf2 O-O-O 20. Bc2 Bxe4 21. Rxe4 Qa5 22. a4 f5 23. Red4 Nc6 24. Rd6 Qb4+ 0-1

[Event "Minsk Bronstein Memorial op"]
[Site "Minsk"]
[Date "2015.02.14"]
[Round "5"]
[White "Zhigalko, Sergei"]
[Black "Tihonov, Jurij"]
[Result "1-0"]
[WhiteElo "2691"]
[BlackElo "2404"]
[PlyCount "69"]
[EventDate "2015.02.14"]
[EventType "swiss (rapid)"]
[EventRounds "10"]
[EventCountry "BLR"]
[SourceTitle "EXT 2017"]
[Source "ChessBase"]
[SourceDate "2016.10.25"]
[SourceVersion "1"]
[SourceVersionDate "2016.10.25"]
[SourceQuality "1"]

1. e4 c5 2. Nf3 d6 3. d4 Nf6 4. Nc3 cxd4 5. Qxd4 Nc6 6. Bb5 Bd7 7. Bxc6 Bxc6 8. Bg5 e6 9. O-O-O Be7 10. Rhe1 O-O 11. Kb1 Qa5 12. Qd2 Qc7 13. Nd4 Rfe8 14. f3 a6 15. g4 b5 16. Nce2 Bb7 17. Ng3 Rac8 18. h4 Qc5 19. Rg1 b4 20. Be3 Qc4 21. Bg5 Kh8 22. Nh5 Rg8 23. Bxf6 gxf6 24. g5 fxg5 25. hxg5 Qc5 26. Nf6 Rg6 27. Nb3 Qb5 28. Qh2 Bxf6 29. gxf6 Rxf6 30. Qxd6 Rg6 31. Qe7 Kg8 32. Rxg6+ hxg6 33. Qf6 Qh5 34. Rd7 Qh1+ 35. Nc1 1-0

[Event "Minsk Bronstein Memorial op"]
[Site "Minsk"]
[Date "2015.02.14"]
[Round "6"]
[White "Stupak, Kirill"]
[Black "Zhigalko, Sergei"]
[Result "0-1"]
[WhiteElo "2483"]
[BlackElo "2691"]
[PlyCount "52"]
[EventDate "2015.02.14"]
[EventType "swiss (rapid)"]
[EventRounds "10"]
[EventCountry "BLR"]
[SourceTitle "EXT 2017"]
[Source "ChessBase"]
[SourceDate "2016.10.25"]
[SourceVersion "1"]
[SourceVersionDate "2016.10.25"]
[SourceQuality "1"]

1. d4 d5 2. Nf3 c6 3. c4 e6 4. Qc2 dxc4 5. Qxc4 b5 6. Qc2 Nf6 7. Bg5 Bb7 8. e3 Nbd7 9. Nbd2 Rc8 10. Ne5 Be7 11. Nxd7 Nxd7 12. Bxe7 Qxe7 13. Nb3 c5 14. dxc5 a6 15. Rc1 O-O 16. Bd3 Bxg2 17. Rg1 Bd5 18. Bxh7+ Kh8 19. Bd3 Bxb3 20. Qc3 f5 21. axb3 Rxc5 22. Qd2 Ne5 23. Ke2 Rd5 24. Qa5 Nxd3 25. Rc7 Qh4 26. Rg3 Qxh2 0-1

[Event "Minsk Bronstein Memorial op"]
[Site "Minsk"]
[Date "2015.02.14"]
[Round "7"]
[White "Zhigalko, Sergei"]
[Black "Kovalev, Andrei"]
[Result "1/2-1/2"]
[WhiteElo "2691"]
[BlackElo "2475"]
[PlyCount "60"]
[EventDate "2015.02.14"]
[EventType "swiss (rapid)"]
[EventRounds "10"]
[EventCountry "BLR"]
[SourceTitle "EXT 2017"]
[Source "ChessBase"]
[SourceDate "2016.10.25"]
[SourceVersion "1"]
[SourceVersionDate "2016.10.25"]
[SourceQuality "1"]

1. e4 c5 2. Nf3 e6 3. c3 d5 4. e5 d4 5. Bd3 Nc6 6. O-O Nge7 7. Re1 Nf5 8. Be4 Be7 9. d3 Qc7 10. Bf4 h6 11. h3 g5 12. Bh2 h5 13. Bxf5 exf5 14. e6 f4 15. exf7+ Kxf7 16. cxd4 cxd4 17. Na3 Bf6 18. Nb5 Qd8 19. Qb3+ Kg6 20. Nd2 a6 21. Na3 Bf5 22. Qxb7 Ne5 23. Rxe5 Bxe5 24. Nac4 Bf6 25. h4 Rh7 26. Qc6 Rc7 27. Qf3 Bg4 28. Qe4+ Bf5 29. Qf3 Bg4 30. Qe4+ Bf5 1/2-1/2

[Event "Minsk Bronstein Memorial op"]
[Site "Minsk"]
[Date "2015.02.14"]
[Round "8"]
[White "Cherepov, Alexej"]
[Black "Zhigalko, Sergei"]
[Result "0-1"]
[WhiteElo "2172"]
[BlackElo "2691"]
[PlyCount "86"]
[EventDate "2015.02.14"]
[EventType "swiss (rapid)"]
[EventRounds "10"]
[EventCountry "BLR"]
[SourceTitle "EXT 2017"]
[Source "ChessBase"]
[SourceDate "2016.10.25"]
[SourceVersion "1"]
[SourceVersionDate "2016.10.25"]
[SourceQuality "1"]

1. d4 Nf6 2. c4 e6 3. g3 c5 4. Nf3 cxd4 5. Nxd4 Qc7 6. Bg2 a6 7. O-O Be7 8. Nc3 O-O 9. Qd3 d6 10. b3 Nbd7 11. Bb2 Ne5 12. Qd2 Bd7 13. Rac1 Rac8 14. e3 Qb8 15. Rfd1 Rfd8 16. Qe2 Be8 17. Ne4 Nfd7 18. Bh3 Nf8 19. Rc2 b5 20. cxb5 Rxc2 21. Qxc2 Rc8 22. Qd2 d5 23. Nc3 axb5 24. Bg2 b4 25. Nce2 Nfd7 26. e4 dxe4 27. Bxe4 Nf6 28. Bg2 Bc5 29. Rc1 Qa7 30. Ba1 Rd8 31. Qg5 Bxd4 32. Nxd4 Nd3 33. Rf1 Rxd4 34. Bxd4 Qxd4 35. Qd2 e5 36. Rd1 e4 37. Qe2 Bb5 38. h3 h5 39. Rd2 g6 40. Qd1 Kg7 41. Qe2 Qc5 42. Qd1 Nxf2 43. Rxf2 e3 0-1

[Event "Minsk Bronstein Memorial op"]
[Site "Minsk"]
[Date "2015.02.14"]
[Round "9"]
[White "Zhigalko, Sergei"]
[Black "Aleksandrov, Aleksej"]
[Result "1/2-1/2"]
[WhiteElo "2691"]
[BlackElo "2564"]
[PlyCount "56"]
[EventDate "2015.02.14"]
[EventType "swiss (rapid)"]
[EventRounds "10"]
[EventCountry "BLR"]
[SourceTitle "EXT 2017"]
[Source "ChessBase"]
[SourceDate "2016.10.25"]
[SourceVersion "1"]
[SourceVersionDate "2016.10.25"]
[SourceQuality "1"]

1. e4 e5 2. Nf3 Nc6 3. Bc4 Bc5 4. O-O Nf6 5. d3 a6 6. c3 d6 7. Bb3 O-O 8. Nbd2 Be6 9. Re1 Re8 10. Nf1 d5 11. Bg5 dxe4 12. dxe4 Qxd1 13. Raxd1 Ng4 14. Ne3 Nxe3 15. Bxe3 Bxe3 16. Rxe3 Bxb3 17. axb3 a5 18. Red3 f6 19. Rd7 Rad8 20. Kf1 Rxd7 21. Rxd7 Re7 22. Rxe7 Nxe7 23. Ke2 Ng6 24. g3 Nf8 25. Kd3 Ne6 26. Kc4 c6 27. b4 b6 28. Kd3 b5 1/2-1/2

[Event "Minsk Bronstein Memorial op"]
[Site "Minsk"]
[Date "2015.02.14"]
[Round "10"]
[White "Nikitenko, Mihail"]
[Black "Zhigalko, Sergei"]
[Result "1/2-1/2"]
[WhiteElo "2193"]
[BlackElo "2691"]
[PlyCount "57"]
[EventDate "2015.02.14"]
[EventType "swiss (rapid)"]
[EventRounds "10"]
[EventCountry "BLR"]
[SourceTitle "EXT 2017"]
[Source "ChessBase"]
[SourceDate "2016.10.25"]
[SourceVersion "1"]
[SourceVersionDate "2016.10.25"]
[SourceQuality "1"]

1. e4 c5 2. Nf3 Nc6 3. d4 cxd4 4. Nxd4 Nf6 5. Nc3 e5 6. Ndb5 d6 7. Bg5 a6 8. Na3 b5 9. Nd5 Be7 10. Nxe7 Nxe7 11. Bxf6 gxf6 12. c4 f5 13. Bd3 Qa5+ 14. Qd2 Qxd2+ 15. Kxd2 fxe4 16. Bxe4 Rb8 17. cxb5 axb5 18. b4 f5 19. Bd3 Bd7 20. Nc2 Bc6 21. f3 Rg8 22. Ne3 e4 23. fxe4 f4 24. Nc2 Rxg2+ 25. Kc3 Ng6 26. Nd4 Bd7 27. Rhg1 Rxh2 28. Nf5 Rb6 29. Rh1 1/2-1/2

[Event "EU-ch 16th"]
[Site "Jerusalem"]
[Date "2015.02.27"]
[Round "4"]
[White "Zhigalko, Sergei"]
[Black "Neverov, Valeriy"]
[Result "1-0"]
[WhiteElo "2675"]
[BlackElo "2485"]
[PlyCount "124"]
[EventDate "2015.02.24"]
[EventType "swiss"]
[EventRounds "11"]
[EventCountry "ISR"]
[SourceTitle "CBM 166"]
[Source "ChessBase"]
[SourceDate "2015.05.11"]
[SourceVersion "1"]
[SourceVersionDate "2015.05.11"]
[SourceQuality "1"]

1. e4 e5 2. Nf3 Nc6 3. Bb5 a6 4. Ba4 Nf6 5. O-O Be7 6. Re1 b5 7. Bb3 d6 8. c3 O-O 9. h3 Nb8 10. d4 Nbd7 11. Nbd2 Bb7 12. Bc2 Re8 13. Nf1 Bf8 14. Bg5 h6 15. Bh4 c5 16. d5 Be7 17. Ne3 Nf8 18. Nf5 Ng6 19. Bg3 Bc8 20. Nxe7+ Qxe7 21. a4 Bd7 22. Nh4 Nxh4 23. Bxh4 Reb8 24. axb5 axb5 25. Qe2 g5 26. Bg3 Qd8 27. b4 c4 28. f3 Nh5 29. Bf2 Nf4 30. Qf1 h5 31. Be3 Rxa1 32. Rxa1 Ra8 33. Kh2 Kg7 34. Bf2 Rxa1 35. Qxa1 Qf6 36. Qa7 Nxh3 37. gxh3 Qxf3 38. Qe3 Qxe3 39. Bxe3 Kf6 40. h4 gxh4 41. Bh6 Bg4 42. Bf8 Kg5 43. Bxd6 f6 44. Be7 Kg6 45. Bc5 Kf7 46. Bf2 h3 47. Kg3 Ke7 48. Kh2 Kf7 49. Bh4 Ke7 50. d6+ Kxd6 51. Bxf6 Ke6 52. Bh4 Kd6 53. Bg3 Ke6 54. Kg1 Kd6 55. Kf2 Ke6 56. Ke3 h4 57. Bh2 Kd6 58. Kd2 Bf3 59. Bd1 Bxe4 60. Bg4 Bg2 61. Ke3 Bf1 62. Bh5 Kd5 1-0

[Event "EU-ch 16th"]
[Site "Jerusalem"]
[Date "2015.03.01"]
[Round "5"]
[White "Kogan, Artur"]
[Black "Zhigalko, Sergei"]
[Result "1/2-1/2"]
[WhiteElo "2555"]
[BlackElo "2675"]
[PlyCount "92"]
[EventDate "2015.02.24"]
[EventType "swiss"]
[EventRounds "11"]
[EventCountry "ISR"]
[SourceTitle "CBM 166"]
[Source "ChessBase"]
[SourceDate "2015.05.11"]
[SourceVersion "1"]
[SourceVersionDate "2015.05.11"]
[SourceQuality "1"]

1. e4 c5 2. Nf3 d6 3. d4 cxd4 4. Nxd4 Nf6 5. Nc3 a6 6. Qf3 g6 7. h3 Bg7 8. Be3 Nc6 9. O-O-O Be6 10. Nxe6 fxe6 11. Bc4 Qc8 12. Bb3 Na5 13. Bd4 Nxb3+ 14. axb3 O-O 15. Qd3 Qc6 16. f3 Rad8 17. h4 b5 18. Kb1 b4 19. Na4 Qb5 20. Qc4 Kf7 21. Nb6 Rfe8 22. e5 dxe5 23. Qxb5 axb5 24. Bxe5 Nd5 25. Nxd5 Rxd5 26. Bxg7 Kxg7 27. Rxd5 exd5 28. Rd1 e6 29. Rd4 Rc8 30. Rxb4 Rc5 31. c3 Kf6 32. Kc2 e5 33. Kd3 g5 34. hxg5+ Kxg5 35. Rg4+ Kf6 36. Rg8 b4 37. Rd8 Ra5 38. c4 d4 39. Rb8 Ra1 40. Rxb4 Rd1+ 41. Ke2 Rg1 42. Rb6+ Kg5 43. Kf2 Rb1 44. c5 e4 45. fxe4 Kf4 46. Ke2 Ke5 1/2-1/2

[Event "TUR-chT"]
[Site "Kocaeli"]
[Date "2015.08.04"]
[Round "1.5"]
[White "Zhigalko, Sergei"]
[Black "Annaberdiev, Meilis"]
[Result "1/2-1/2"]
[WhiteElo "2654"]
[BlackElo "2417"]
[PlyCount "68"]
[EventDate "2015.08.04"]
[EventType "team-tourn"]
[EventRounds "13"]
[EventCountry "TUR"]
[SourceTitle "CBM 167 Extra"]
[Source "ChessBase"]
[SourceDate "2015.09.14"]
[SourceVersion "1"]
[SourceVersionDate "2015.09.14"]
[SourceQuality "1"]
[WhiteTeam "Kahramanmaras Buyuksehir"]
[BlackTeam "Akdeniz Belediyesi"]
[WhiteTeamCountry "TUR"]
[BlackTeamCountry "TUR"]

1. e4 c5 2. c3 Nf6 3. e5 Nd5 4. Nf3 e6 5. Bc4 d6 6. d4 cxd4 7. cxd4 Be7 8. O-O O-O 9. Bd2 b6 10. Qe2 Bb7 11. Nc3 Nxc3 12. Bxc3 dxe5 13. dxe5 Nd7 14. Nd4 Qc7 15. Rfe1 Rfd8 16. Bxe6 fxe6 17. Nxe6 Qc6 18. Qg4 g6 19. Rad1 Nf8 20. Nxd8 Rxd8 21. Rxd8 Bxd8 22. e6 h5 23. Qh3 Be7 24. a3 a5 25. Kh1 Qd5 26. f3 Bc8 27. Qg3 Bxe6 28. Qc7 Nd7 29. Qf4 Bg5 30. Qc7 Bh4 31. Rc1 Be7 32. Re1 Bh4 33. Rc1 Be7 34. Re1 Bh4 1/2-1/2

[Event "TUR-chT"]
[Site "Kocaeli"]
[Date "2015.08.05"]
[Round "2.3"]
[White "Kuzubov, Yuriy"]
[Black "Zhigalko, Sergei"]
[Result "1-0"]
[WhiteElo "2638"]
[BlackElo "2654"]
[PlyCount "75"]
[EventDate "2015.08.04"]
[EventType "team-tourn"]
[EventRounds "13"]
[EventCountry "TUR"]
[SourceTitle "CBM 167 Extra"]
[Source "ChessBase"]
[SourceDate "2015.09.14"]
[SourceVersion "1"]
[SourceVersionDate "2015.09.14"]
[SourceQuality "1"]
[WhiteTeam "Tarsus Zeka"]
[BlackTeam "Kahramanmaras Buyuksehir"]
[WhiteTeamCountry "TUR"]
[BlackTeamCountry "TUR"]

1. Nf3 Nf6 2. c4 e6 3. Nc3 Bb4 4. Qc2 O-O 5. a3 Bxc3 6. Qxc3 d6 7. e3 e5 8. d4 e4 9. Nd2 d5 10. b3 Re8 11. Be2 Bg4 12. f3 Bh5 13. Nf1 Nc6 14. Ng3 Bg6 15. f4 Ne7 16. O-O Qd7 17. h3 h5 18. Qe1 h4 19. Nh1 Nf5 20. Bg4 dxc4 21. bxc4 Qa4 22. Bxf5 Bxf5 23. c5 Rad8 24. Qxh4 Rd5 25. g4 Bd7 26. Ng3 Bb5 27. Rf2 Qd1+ 28. Kh2 Qe1 29. Nf5 Be2 30. Bb2 Qd2 31. Rg1 Qxb2 32. Qg5 Rxf5 33. gxf5 Kf8 34. Qxg7+ Ke7 35. Rg6 Nd7 36. Re6+ Kd8 37. Qxf7 Rh8 38. Qe7+ 1-0

[Event "TUR-chT"]
[Site "Kocaeli"]
[Date "2015.08.06"]
[Round "3.4"]
[White "Zhigalko, Sergei"]
[Black "Ahmetoglu, Ziya"]
[Result "1-0"]
[WhiteElo "2654"]
[BlackElo "1943"]
[PlyCount "99"]
[EventDate "2015.08.04"]
[EventType "team-tourn"]
[EventRounds "13"]
[EventCountry "TUR"]
[SourceTitle "CBM 167 Extra"]
[Source "ChessBase"]
[SourceDate "2015.09.14"]
[SourceVersion "1"]
[SourceVersionDate "2015.09.14"]
[SourceQuality "1"]
[WhiteTeam "Kahramanmaras Buyuksehir"]
[BlackTeam "Ankara Demirspor"]
[WhiteTeamCountry "TUR"]
[BlackTeamCountry "TUR"]

1. e4 e5 2. Nf3 Nf6 3. Nxe5 d6 4. Nf3 Nxe4 5. Nc3 Nxc3 6. dxc3 Be7 7. Be3 Nc6 8. Qd2 Be6 9. O-O-O Qd7 10. Kb1 O-O-O 11. Nd4 a6 12. Nxe6 Qxe6 13. g3 Bf6 14. Bg2 Qd7 15. h4 Kb8 16. Bh3 Qe8 17. Rhe1 Ne5 18. Qd4 c5 19. Qe4 Qc6 20. Rd5 Rhe8 21. Red1 h5 22. Qf4 Kc7 23. Qf5 Nc4 24. Bf4 Kb6 25. Bf1 Ne5 26. Qxh5 g6 27. Qe2 Kc7 28. a3 Qa4 29. Qd2 Qc6 30. Be2 Rh8 31. Be3 Be7 32. Bf4 f5 33. Bg5 Bxg5 34. Qxg5 Rhe8 35. f4 Ng4 36. Bxg4 fxg4 37. Qxg4 Rg8 38. Qe6 Qe8 39. Re1 Qxe6 40. Rxe6 Rg7 41. b4 Kc6 42. Rg5 cxb4 43. h5 Rh7 44. hxg6 Rh1+ 45. Ka2 Kd7 46. Rf6 Rc8 47. g7 b3+ 48. Kxb3 Ke7 49. Rfg6 Rb1+ 50. Ka2 1-0

[Event "TUR-chT"]
[Site "Kocaeli"]
[Date "2015.08.08"]
[Round "5.3"]
[White "Zhigalko, Sergei"]
[Black "Mamedov, Nidjat"]
[Result "1-0"]
[WhiteElo "2654"]
[BlackElo "2597"]
[PlyCount "69"]
[EventDate "2015.08.04"]
[EventType "team-tourn"]
[EventRounds "13"]
[EventCountry "TUR"]
[SourceTitle "CBM 167 Extra"]
[Source "ChessBase"]
[SourceDate "2015.09.14"]
[SourceVersion "1"]
[SourceVersionDate "2015.09.14"]
[SourceQuality "1"]
[WhiteTeam "Kahramanmaras Buyuksehir"]
[BlackTeam "Calli"]
[WhiteTeamCountry "TUR"]
[BlackTeamCountry "TUR"]

1. e4 e5 2. Nf3 Nc6 3. Bb5 a6 4. Ba4 Nf6 5. O-O Be7 6. Re1 b5 7. Bb3 d6 8. c3 O-O 9. h3 Nb8 10. d4 Nbd7 11. Nbd2 Bb7 12. Bc2 c5 13. d5 c4 14. Nf1 Qc7 15. Ng3 Rfb8 16. Nf5 Bf8 17. Nh2 Nc5 18. Qf3 Ne8 19. h4 Bc8 20. h5 a5 21. Ng4 b4 22. Re3 Ra7 23. Qe2 Ba6 24. Rg3 Kh8 25. Qf3 f6 26. Nh4 Qf7 27. Ne3 Bc8 28. Nxc4 bxc3 29. bxc3 a4 30. Ba3 Rc7 31. Ne3 Bd7 32. Re1 Rcc8 33. Nef5 Bxf5 34. Qxf5 Qa7 35. Ng6+ 1-0

[Event "TUR-chT"]
[Site "Kocaeli"]
[Date "2015.08.08"]
[Round "6.6"]
[White "Morchiashvili, Bachana"]
[Black "Zhigalko, Sergei"]
[Result "1/2-1/2"]
[WhiteElo "2318"]
[BlackElo "2654"]
[PlyCount "55"]
[EventDate "2015.08.04"]
[EventType "team-tourn"]
[EventRounds "13"]
[EventCountry "TUR"]
[SourceTitle "CBM 167 Extra"]
[Source "ChessBase"]
[SourceDate "2015.09.14"]
[SourceVersion "1"]
[SourceVersionDate "2015.09.14"]
[SourceQuality "1"]
[WhiteTeam "Pamukkale Yonetimi"]
[BlackTeam "Kahramanmaras Buyuksehir"]
[WhiteTeamCountry "TUR"]
[BlackTeamCountry "TUR"]

1. d4 Nf6 2. c4 e6 3. Nf3 b6 4. g3 Ba6 5. Qc2 Bb7 6. Bg2 c5 7. d5 exd5 8. cxd5 Nxd5 9. Qb3 Nf6 10. Ne5 d5 11. Nc3 Be7 12. Qa4+ Kf8 13. Bf4 a6 14. Rd1 b5 15. Qc2 Qc8 16. Nxd5 Nxd5 17. Bxd5 Bxd5 18. Rxd5 f6 19. Nf3 Qe6 20. Rxc5 Bxc5 21. Qxc5+ Kf7 22. Nd4 Qc4 23. Qd6 a5 24. O-O Ra6 25. Nf5 Kg6 26. Ne7+ Kf7 27. Nf5 Kg6 28. Ne7+ 1/2-1/2

[Event "TUR-chT"]
[Site "Kocaeli"]
[Date "2015.08.11"]
[Round "8.1"]
[White "Cheparinov, Ivan"]
[Black "Zhigalko, Sergei"]
[Result "0-1"]
[WhiteElo "2690"]
[BlackElo "2654"]
[PlyCount "88"]
[EventDate "2015.08.04"]
[EventType "team-tourn"]
[EventRounds "13"]
[EventCountry "TUR"]
[SourceTitle "CBM 167 Extra"]
[Source "ChessBase"]
[SourceDate "2015.09.14"]
[SourceVersion "1"]
[SourceVersionDate "2015.09.14"]
[SourceQuality "1"]
[WhiteTeam "Turk Hava Yollari"]
[BlackTeam "Kahramanmaras Buyuksehir"]
[WhiteTeamCountry "TUR"]
[BlackTeamCountry "TUR"]

1. d4 Nf6 2. c4 e6 3. Nc3 Bb4 4. Nf3 b6 5. e3 Bb7 6. Bd3 O-O 7. O-O d5 8. cxd5 exd5 9. a3 Bd6 10. b4 a6 11. Qb3 Qe7 12. Re1 Nbd7 13. Ra2 Rfe8 14. e4 dxe4 15. Ng5 exd3 16. Rxe7 Rxe7 17. Be3 Rae8 18. h3 b5 19. Rd2 Nb6 20. Rxd3 Nc4 21. Nf3 Nxe3 22. fxe3 Rxe3 23. Nd1 Bd5 24. Qc3 R3e7 25. Ne5 Bc4 26. Rf3 Be2 27. Rxf6 gxf6 28. Qg3+ Kf8 29. Nc3 fxe5 30. Qe3 Bd3 31. Qxd3 exd4 32. Qxh7 Re1+ 33. Kf2 R1e5 34. Qh8+ Ke7 35. Qh4+ Kd7 36. Qg4+ R8e6 37. Nb1 d3 38. Nc3 Ke7 39. g3 c6 40. Qd4 Re2+ 41. Kf3 Rf6+ 42. Kg4 Rg6+ 43. Kh5 Re5+ 44. Kh4 Ke8 0-1

[Event "TUR-chT"]
[Site "Kocaeli"]
[Date "2015.08.12"]
[Round "9.1"]
[White "Zhigalko, Sergei"]
[Black "Moiseenko, Alexander"]
[Result "1/2-1/2"]
[WhiteElo "2654"]
[BlackElo "2710"]
[PlyCount "27"]
[EventDate "2015.08.04"]
[EventType "team-tourn"]
[EventRounds "13"]
[EventCountry "TUR"]
[SourceTitle "CBM 167 Extra"]
[Source "ChessBase"]
[SourceDate "2015.09.14"]
[SourceVersion "1"]
[SourceVersionDate "2015.09.14"]
[SourceQuality "1"]
[WhiteTeam "Kahramanmaras Buyuksehir"]
[BlackTeam "Kayseri Seker"]
[WhiteTeamCountry "TUR"]
[BlackTeamCountry "TUR"]

1. e4 c5 2. Nf3 Nc6 3. Bb5 d6 4. O-O Bd7 5. Re1 Nf6 6. c3 a6 7. Bf1 Bg4 8. h3 Bxf3 9. Qxf3 e6 10. Qg3 Nh5 11. Qe3 Be7 12. d4 cxd4 13. cxd4 e5 14. dxe5 1/2-1/2

[Event "TUR-chT"]
[Site "Kocaeli"]
[Date "2015.08.12"]
[Round "10.1"]
[White "Zhigalko, Sergei"]
[Black "Berkes, Ferenc"]
[Result "1/2-1/2"]
[WhiteElo "2654"]
[BlackElo "2659"]
[PlyCount "124"]
[EventDate "2015.08.04"]
[EventType "team-tourn"]
[EventRounds "13"]
[EventCountry "TUR"]
[SourceTitle "CBM 167 Extra"]
[Source "ChessBase"]
[SourceDate "2015.09.14"]
[SourceVersion "1"]
[SourceVersionDate "2015.09.14"]
[SourceQuality "1"]
[WhiteTeam "Kahramanmaras Buyuksehir"]
[BlackTeam "Alyans Satranc"]
[WhiteTeamCountry "TUR"]
[BlackTeamCountry "TUR"]

1. e4 c6 2. d4 d5 3. e5 Bf5 4. Nf3 e6 5. Be2 c5 6. O-O Nc6 7. c3 cxd4 8. Nxd4 Nxd4 9. cxd4 Ne7 10. Nc3 Nc6 11. g4 Bg6 12. f4 f5 13. exf6 Qxf6 14. f5 exf5 15. Nxd5 Qxd4+ 16. Be3 Qxd1 17. Raxd1 O-O-O 18. gxf5 Bf7 19. Bf3 Bd6 20. Bg5 Rd7 21. f6 Be6 22. Rfe1 gxf6 23. Bxf6 Rg8+ 24. Kh1 Bh3 25. Bc3 Bc7 26. Nxc7 Rxd1 27. Rxd1 Kxc7 28. Rd3 Rf8 29. Kg1 a5 30. a3 b5 31. Be2 Rg8+ 32. Rg3 Rxg3+ 33. hxg3 b4 34. axb4 axb4 35. Bg7 Bf5 36. Kf2 Kd6 37. Ke3 Bg6 38. Bf8+ Ke6 39. Kf4 Ne5 40. Bg7 Bd3 41. Bd1 Nc4 42. b3 Na3 43. Ke3 Bc2 44. Bxc2 Nxc2+ 45. Kd3 Ne1+ 46. Kc4 Nc2 47. Kd3 Ne1+ 48. Ke4 Nc2 49. g4 Kf7 50. Be5 Ke6 51. Bb2 Ne1 52. Bg7 Nc2 53. Kd3 Ne1+ 54. Kc4 Nc2 55. Bh6 Kf6 56. Bd2 Kg6 57. g5 Kf5 58. Kd3 Na1 59. Kc4 Nc2 60. Kd3 Na1 61. Kc4 Nc2 62. Kd3 Na1 1/2-1/2

[Event "TUR-chT"]
[Site "Kocaeli"]
[Date "2015.08.14"]
[Round "12.6"]
[White "Zhigalko, Sergei"]
[Black "Yilmaz, Mustafa"]
[Result "1/2-1/2"]
[WhiteElo "2654"]
[BlackElo "2582"]
[PlyCount "42"]
[EventDate "2015.08.04"]
[EventType "team-tourn"]
[EventRounds "13"]
[EventCountry "TUR"]
[SourceTitle "CBM 167 Extra"]
[Source "ChessBase"]
[SourceDate "2015.09.14"]
[SourceVersion "1"]
[SourceVersionDate "2015.09.14"]
[SourceQuality "1"]
[WhiteTeam "Kahramanmaras Buyuksehir"]
[BlackTeam "Hatay Buyuksehir"]
[WhiteTeamCountry "TUR"]
[BlackTeamCountry "TUR"]

1. e4 c5 2. Nf3 d6 3. Bb5+ Bd7 4. Bxd7+ Qxd7 5. c4 Nf6 6. Nc3 g6 7. d4 cxd4 8. Nxd4 Bg7 9. f3 O-O 10. Be3 Nc6 11. O-O a6 12. Qd3 Rac8 13. b3 e6 14. Rfd1 Rfd8 15. Rac1 Ne5 16. Qe2 Qe7 17. Rc2 Nc6 18. Rcd2 Ne8 19. Na4 Nxd4 20. Bxd4 Bxd4+ 21. Rxd4 Qg5 1/2-1/2

[Event "Wch Blitz 9th"]
[Site "Berlin"]
[Date "2015.10.13"]
[Round "1"]
[White "Wagner, Dennis"]
[Black "Zhigalko, Sergei"]
[Result "0-1"]
[WhiteElo "2575"]
[BlackElo "2656"]
[PlyCount "80"]
[EventDate "2015.10.13"]
[EventType "swiss (blitz)"]
[EventRounds "21"]
[EventCountry "GER"]
[SourceTitle "CBM 168 Extra"]
[Source "ChessBase"]
[SourceDate "2015.10.29"]
[SourceVersion "1"]
[SourceVersionDate "2015.10.29"]
[SourceQuality "1"]

1. d4 Nf6 2. c4 e6 3. Nf3 b6 4. a3 Ba6 5. Qc2 Bb7 6. Nc3 c5 7. e4 cxd4 8. Nxd4 Bc5 9. Nf3 Nc6 10. b4 Nd4 11. Qd2 Nxf3+ 12. gxf3 Be7 13. Bb2 a6 14. Rg1 g6 15. Be2 Qc7 16. O-O-O d6 17. h4 O-O-O 18. Kb1 Kb8 19. Qe3 Nd7 20. Rc1 Bf6 21. Nd5 Bxd5 22. cxd5 Qb7 23. Bxf6 Nxf6 24. Rc6 Nd7 25. Rxd6 Rc8 26. Bxa6 Qxa6 27. Rxd7 Rc4 28. dxe6 fxe6 29. Qd3 Rhc8 30. Rd8 Qa4 31. Rxc8+ Rxc8 32. Rd1 Ka8 33. f4 Qc6 34. h5 gxh5 35. f5 exf5 36. exf5 h4 37. Qa6+ Kb8 38. Qd3 h3 39. Qg3+ Ka8 40. Qd3 h2 0-1